[Event "POL-ch Academic"]
[Site "Chorzow"]
[Date "2021.05.15"]
[Round "6.20"]
[White "Winiarski, Mikolaj"]
[Black "Szymanowski, Mateusz"]
[Result "1-0"]
[WhiteElo "2213"]
[BlackElo "1913"]
[PlyCount "83"]
[EventDate "2021.05.14"]
[EventType "swiss (rapid)"]
[EventRounds "9"]
[EventCountry "POL"]
[SourceTitle "CBM 202 Extra"]
[Source "ChessBase"]
[SourceDate "2021.07.31"]
[SourceVersion "1"]
[SourceVersionDate "2021.07.31"]
[SourceQuality "1"]

1. d4 Nf6 2. c4 d5 3. Nc3 e6 4. cxd5 exd5 5. Bg5 c6 6. e3 Nbd7 7. Bd3 Bd6 8. Nge2 0-0 9. Qc2 h6 10. Bh4 Re8 11. Bg3 Nf8 12. 0-0 b5 13. Rac1 Bg4 14. f3 Bh5 15. Bf2 Rc8 16. Ng3 Bxg3 17. hxg3 Bg6 18. Nb1 Qd6 19. Bxg6 Nxg6 20. Nd2 Nh5 21. g4 Ng3 22. Rfe1 h5 23. gxh5 Nxh5 24. Qf5 Nf6 25. Nb3 Qe6 26. Qd3 Nd7 27. Nc5 Qd6 28. Qf5 Nb6 29. b3 Ne7 30. Qh3 Qh6 31. Qxh6 gxh6 32. Bg3 Nf5 33. Bf4 Kg7 34. Kf2 Re7 35. g4 Nh4 36. Rh1 Ng6 37. Bxh6+ Kg8 38. Bg5 Ree8 39. f4 a5 40. f5 Nf8 41. Bf6 Nh7 42. Rxh7 1-0

[Event "POL-ch blitz"]
[Site "Szczawno Zdroj"]
[Date "2018.12.16"]
[Round "13"]
[White "Winiarski, Mikolaj"]
[Black "Piotrowski, Przemyslaw"]
[Result "0-1"]
[WhiteElo "2215"]
[BlackElo "2269"]
[PlyCount "72"]
[EventDate "2018.12.16"]
[EventType "swiss (blitz)"]
[EventRounds "15"]
[EventCountry "POL"]
[SourceTitle "CBM 187 Extra"]
[Source "ChessBase"]
[SourceDate "2018.11.04"]
[SourceVersion "1"]
[SourceVersionDate "2018.11.04"]
[SourceQuality "1"]

1. e4 c5 2. Nf3 Nc6 3. Bb5 g6 4. 0-0 Bg7 5. c3 e5 6. d3 Nge7 7. h3 0-0 8. Re1 a6 9. Ba4 b5 10. Bb3 d5 11. exd5 Nxd5 12. Bg5 f6 13. c4 bxc4 14. dxc4 Ndb4 15. Be3 Nd4 16. Bxd4 cxd4 17. a3 Nc6 18. c5+ Kh8 19. Bc4 f5 20. h4 Ra7 21. Nbd2 e4 22. Ng5 Ne5 23. Qa4 Bd7 24. Qc2 h6 25. Ne6 Bxe6 26. Bxe6 Qxh4 27. c6 Ng4 28. Nf1 d3 29. Qd2 Bd4 30. g3 Qf6 31. Bd7 Bxf2+ 32. Kg2 Bxe1 33. Rxe1 Qd4 34. Nh2 e3 35. Qc3 Qxc3 36. bxc3 Nxh2 0-1

[Event "POL-ch blitz"]
[Site "Szczawno Zdroj"]
[Date "2018.12.16"]
[Round "9"]
[White "Winiarski, Mikolaj"]
[Black "Przybylski, Wojciech"]
[Result "0-1"]
[WhiteElo "2215"]
[BlackElo "2320"]
[PlyCount "64"]
[EventDate "2018.12.16"]
[EventType "swiss (blitz)"]
[EventRounds "15"]
[EventCountry "POL"]
[SourceTitle "CBM 187 Extra"]
[Source "ChessBase"]
[SourceDate "2018.11.04"]
[SourceVersion "1"]
[SourceVersionDate "2018.11.04"]
[SourceQuality "1"]

1. e4 e5 2. Nf3 Nc6 3. Bb5 Nf6 4. Qe2 Be7 5. c3 d6 6. h3 0-0 7. 0-0 Bd7 8. Bd3 Re8 9. Bc2 Bf8 10. d3 h6 11. Nbd2 d5 12. exd5 Nxd5 13. Ne4 f5 14. Ng3 Nf4 15. Qd1 Ng6 16. Re1 Bd6 17. b4 a6 18. a4 Rf8 19. Bd2 Kh7 20. Qb1 Qf6 21. c4 b6 22. Bc3 Nd4 23. Bxd4 exd4 24. Qb2 c5 25. b5 a5 26. Qc1 Nf4 27. Qd2 g5 28. Bd1 Rg8 29. Be2 Raf8 30. Bf1 h5 31. Ne2 Ne6 32. Ng3 h4 0-1

[Event "EU-ch blitz"]
[Site "Katowice"]
[Date "2017.12.15"]
[Round "22"]
[White "Winiarski, Mikolaj"]
[Black "Zimina, Olga"]
[Result "0-1"]
[WhiteElo "2249"]
[BlackElo "2415"]
[PlyCount "110"]
[EventDate "2017.12.15"]
[EventType "swiss (blitz)"]
[EventRounds "22"]
[EventCountry "POL"]
[SourceTitle "CBM 182 Extra"]
[Source "ChessBase"]
[SourceDate "2018.02.23"]
[SourceVersion "1"]
[SourceVersionDate "2018.02.23"]
[SourceQuality "1"]

1. e4 c6 2. d4 d5 3. Nc3 dxe4 4. Nxe4 Bf5 5. Ng3 Bg6 6. h4 h6 7. Nh3 Nf6 8. Nf4 Bh7 9. Bc4 Nbd7 10. c3 Nb6 11. Bb3 e6 12. Ngh5 Nxh5 13. Nxh5 Bg6 14. 0-0 Qxh4 15. Nf4 Bh7 16. Re1 0-0-0 17. a4 Nd5 18. g3 Qe7 19. c4 Nxf4 20. Bxf4 Qd7 21. d5 Bb4 22. Re2 Rhe8 23. a5 a6 24. Qd4 c5 25. Qxg7 f6 26. Qxd7+ Rxd7 27. Ba4 Bd3 28. Bxd7+ Kxd7 29. Rxe6 Rxe6 30. dxe6+ Kxe6 31. Bxh6 Bxc4 32. Bf4 Bd5 33. Bc7 Kd7 34. Bb6 Kc6 35. Rd1 f5 36. Rd3 c4 37. Re3 Be4 38. f3 Bd3 39. Re5 Bd6 40. Re6 Kd7 41. Rg6 Be5 42. Rh6 Bxb2 43. Rh7+ Kc6 44. Rc7+ Kd5 45. Kf2 c3 46. Ke3 Bb5 47. Bd4 Bc1+ 48. Kf2 Kxd4 49. Ke1 Bd2+ 50. Kd1 Ba4+ 51. Ke2 Bc6 52. Rc8 Bg5 53. Kd1 Bxf3+ 54. Kc2 Be4+ 55. Kb3 c2 0-1

[Event "POL-chT 2nd League"]
[Site "Szklarska Poreba"]
[Date "2017.09.09"]
[Round "8.10"]
[White "Smolka, Marcin"]
[Black "Winiarski, Mikolaj"]
[Result "0-1"]
[WhiteElo "2153"]
[BlackElo "2272"]
[PlyCount "84"]
[EventDate "2017.09.02"]
[EventType "team-swiss"]
[EventRounds "9"]
[EventCountry "POL"]
[SourceTitle "CBM 180 Extra"]
[Source "ChessBase"]
[SourceDate "2017.10.06"]
[SourceVersion "1"]
[SourceVersionDate "2017.10.06"]
[SourceQuality "1"]
[WhiteTeam "Chrzanow Olimpijczyk"]
[BlackTeam "Chylice Laura"]
[WhiteTeamCountry "POL"]
[BlackTeamCountry "POL"]

1. e4 c5 2. c4 Nc6 3. Nc3 e6 4. g3 Nge7 5. Bg2 Nd4 6. Nge2 Nec6 7. 0-0 g6 8. Nxd4 cxd4 9. Ne2 Bg7 10. d3 0-0 11. a3 a5 12. Qa4 d6 13. b4 Ra7 14. b5 Nb8 15. Qc2 Nd7 16. a4 f5 17. Ba3 Qc7 18. exf5 gxf5 19. Nf4 Nc5 20. Rae1 Be5 21. Nh5 b6 22. Qd2 f4 23. gxf4 Bg7 24. Qd1 Kh8 25. Bb2 Bb7 26. f3 Qf7 27. Ng3 Qxf4 28. Ne4 Be5 29. Ng3 Ba8 30. Kh1 Rg7 31. Re4 Qh6 32. Bc1 Qg6 33. f4 Bxe4 34. dxe4 Bf6 35. f5 Qg4 36. Bf3 Qh4 37. Nh5 Be5 38. Qe2 exf5 39. Bh6 fxe4 40. Bxg7+ Bxg7 41. Nxg7 exf3 42. Nf5 fxe2 0-1

[Event "POL-chT 2nd League"]
[Site "Szklarska Poreba"]
[Date "2017.09.07"]
[Round "6.7"]
[White "Winiarski, Mikolaj"]
[Black "Kasperek, Ryszard"]
[Result "1/2-1/2"]
[WhiteElo "2272"]
[BlackElo "2133"]
[PlyCount "109"]
[EventDate "2017.09.02"]
[EventType "team-swiss"]
[EventRounds "9"]
[EventCountry "POL"]
[SourceTitle "CBM 180 Extra"]
[Source "ChessBase"]
[SourceDate "2017.10.06"]
[SourceVersion "1"]
[SourceVersionDate "2017.10.06"]
[SourceQuality "1"]
[WhiteTeam "Chylice Laura"]
[BlackTeam "Debica Gryf"]
[WhiteTeamCountry "POL"]
[BlackTeamCountry "POL"]

1. e4 c5 2. Nf3 e6 3. Qe2 Nc6 4. c3 d5 5. d3 Nf6 6. g3 b6 7. e5 Nd7 8. Bg2 Qc7 9. Bf4 Be7 10. h4 Bb7 11. 0-0 h6 12. Re1 0-0-0 13. Na3 a6 14. Nc2 Rdg8 15. d4 g5 16. hxg5 hxg5 17. Bd2 Kb8 18. Rac1 Qd8 19. Nh2 Qf8 20. Ng4 Rh7 21. dxc5 bxc5 22. b4 c4 23. Rb1 Na7 24. a4 Rgh8 25. Nd4 Ka8 26. Be3 Qc8 27. b5 a5 28. b6 Nc6 29. Rb5 Kb8 30. Qd2 Rh5 31. f4 gxf4 32. Bxf4 Nc5 33. Nf6 Rh2 34. g4 Rxg2+ 35. Kxg2 Nb3 36. Nxb3 cxb3 37. Kg3 d4 38. Rxb3 Qd8 39. Rb5 dxc3 40. Qxc3 Bb4 41. Rxb4 axb4 42. Qc4 Na5 43. Qxb4 Qd3+ 44. Re3 Qf1 45. Nh5 Nc4 46. Rb3 Rg8 47. Kh4 Bf3 48. Rxf3 Qxf3 49. Nf6 Qh1+ 50. Kg3 Qg1+ 51. Kf3 Qf1+ 52. Kg3 Qg1+ 53. Kf3 Qf1+ 54. Kg3 Rd8 55. Qe7 1/2-1/2

[Event "POL-chT 2nd League"]
[Site "Szklarska Poreba"]
[Date "2017.09.05"]
[Round "4.8"]
[White "Winiarski, Mikolaj"]
[Black "Nowak, Mikolaj"]
[Result "0-1"]
[WhiteElo "2272"]
[BlackElo "2088"]
[PlyCount "78"]
[EventDate "2017.09.02"]
[EventType "team-swiss"]
[EventRounds "9"]
[EventCountry "POL"]
[SourceTitle "CBM 180 Extra"]
[Source "ChessBase"]
[SourceDate "2017.10.06"]
[SourceVersion "1"]
[SourceVersionDate "2017.10.06"]
[SourceQuality "1"]
[WhiteTeam "Chylice Laura"]
[BlackTeam "Konin UKS Smecz"]
[WhiteTeamCountry "POL"]
[BlackTeamCountry "POL"]

1. d4 Nf6 2. c4 e6 3. Nf3 d5 4. cxd5 exd5 5. Nc3 c6 6. Bg5 Be7 7. e3 0-0 8. Qc2 Bg4 9. Ne5 Bh5 10. Bd3 Bg6 11. Nxg6 hxg6 12. h4 Nbd7 13. 0-0-0 b5 14. Kb1 a5 15. Ne2 Qb6 16. h5 gxh5 17. Nf4 Rfe8 18. Nxh5 Nxh5 19. Bxe7 Rxe7 20. Rxh5 Nf6 21. Rh3 Ree8 22. Rc1 Rac8 23. Bf5 Rc7 24. g4 Kf8 25. g5 Ng8 26. Rh8 Ke7 27. Bh7 Rcc8 28. e4 Qxd4 29. Bf5 Rcd8 30. Qxc6 g6 31. Rxg8 Rxg8 32. Qc7+ Ke8 33. Re1 Qd3+ 34. Ka1 Qd2 35. Qe5+ Kf8 36. exd5 Qxg5 37. Qc7 gxf5 38. f4 Qf6 39. Qc5+ Qd6 0-1

[Event "EU-chT U18"]
[Site "Rymanow Zdroj"]
[Date "2017.08.21"]
[Round "5.7"]
[White "Chukavin, Kirill"]
[Black "Winiarski, Mikolaj"]
[Result "0-1"]
[WhiteElo "2159"]
[BlackElo "2269"]
[PlyCount "78"]
[EventDate "2017.08.17"]
[EventType "team-swiss"]
[EventRounds "7"]
[EventCountry "POL"]
[SourceTitle "CBM 180 Extra"]
[Source "ChessBase"]
[SourceDate "2017.10.06"]
[SourceVersion "1"]
[SourceVersionDate "2017.10.06"]
[SourceQuality "1"]
[WhiteTeam "Estonia U18"]
[BlackTeam "Poland U18 IV"]
[WhiteTeamCountry "EST"]
[BlackTeamCountry "POL"]

1. e4 c5 2. Nf3 Nc6 3. d4 cxd4 4. Nxd4 g6 5. Nc3 Bg7 6. Nde2 Nf6 7. g3 0-0 8. Bg2 d6 9. 0-0 Bd7 10. h3 Na5 11. a4 Rc8 12. Ra2 a6 13. b3 Nc6 14. Bb2 Nb4 15. Ra1 Qa5 16. Qd2 Rc5 17. Rfd1 Rfc8 18. Rac1 Ne8 19. Nd4 Bxd4 20. Qxd4 e5 21. Qd2 Be6 22. f4 Rxc3 23. Bxc3 Qc5+ 24. Kh2 Qxc3 25. fxe5 Qxd2 26. Rxd2 dxe5 27. c4 a5 28. Rcd1 Kf8 29. Rd8 Ke7 30. Rxc8 Bxc8 31. Kg1 Nc7 32. Kf2 Ne6 33. Ke3 Nd4 34. Rb1 Be6 35. Bf1 Kd6 36. Kd2 Na6 37. Kc3 Bd7 38. h4 Bc6 39. Bd3 Nc5 0-1

[Event "EU-chT U18"]
[Site "Rymanow Zdroj"]
[Date "2017.08.18"]
[Round "2.7"]
[White "Janik, Igor"]
[Black "Winiarski, Mikolaj"]
[Result "0-1"]
[WhiteElo "2420"]
[BlackElo "2269"]
[PlyCount "64"]
[EventDate "2017.08.17"]
[EventType "team-swiss"]
[EventRounds "7"]
[EventCountry "POL"]
[SourceTitle "CBM 180 Extra"]
[Source "ChessBase"]
[SourceDate "2017.10.06"]
[SourceVersion "1"]
[SourceVersionDate "2017.10.06"]
[SourceQuality "1"]
[WhiteTeam "Poland U18"]
[BlackTeam "Poland U18 IV"]
[WhiteTeamCountry "POL"]
[BlackTeamCountry "POL"]

1. e4 e5 2. Nf3 Nc6 3. Bc4 Bc5 4. d3 Nf6 5. c3 0-0 6. b4 Bb6 7. 0-0 d6 8. h3 Ne7 9. Nbd2 Ng6 10. Re1 h6 11. Bb3 c6 12. d4 Qe7 13. a4 Rd8 14. a5 Bc7 15. d5 Nh7 16. Nf1 Ng5 17. Ng3 Nf4 18. Bxf4 exf4 19. Nh5 Re8 20. Nxf4 Qf6 21. Nh5 Qxc3 22. Nxg5 hxg5 23. Re3 Qxb4 24. Ra4 Qb5 25. Qa1 Re5 26. Bc4 Qc5 27. Rc3 Rxe4 28. dxc6 d5 29. Bxd5 Rxa4 30. Bxf7+ Kh8 31. Qe1 Qe5 32. Re3 Ra1 0-1

[Event "POL-ch U18 rapid"]
[Site "Wroclaw"]
[Date "2017.08.08"]
[Round "11"]
[White "Winiarski, Mikolaj"]
[Black "Grela, Kacper"]
[Result "0-1"]
[WhiteElo "2075"]
[BlackElo "1984"]
[PlyCount "102"]
[EventDate "2017.08.06"]
[EventType "swiss (rapid)"]
[EventRounds "11"]
[EventCountry "POL"]
[SourceTitle "CBM 180 Extra"]
[Source "ChessBase"]
[SourceDate "2017.10.06"]
[SourceVersion "1"]
[SourceVersionDate "2017.10.06"]
[SourceQuality "1"]

1. e4 c5 2. Nf3 d6 3. Bb5+ Nd7 4. 0-0 a6 5. Bxd7+ Bxd7 6. h3 Nf6 7. Re1 e6 8. c3 Bc6 9. d3 Be7 10. Nbd2 0-0 11. Nf1 b5 12. Ng3 Qc7 13. d4 Rfe8 14. Bd2 Rac8 15. Qe2 Qb7 16. Rac1 a5 17. Nh2 b4 18. e5 dxe5 19. dxe5 Nd7 20. Qg4 Kh8 21. c4 f5 22. exf6 Bxf6 23. Nh5 Bxb2 24. Rb1 Bd4 25. Be3 Nf6 26. Bxd4 Nxg4 27. Bxg7+ Qxg7 28. Nxg7 Kxg7 29. Nxg4 Rcd8 30. Re5 Rc8 31. Rxc5 Be4 32. Rg5+ Bg6 33. Rc1 a4 34. Rb5 Rb8 35. Rd1 Rxb5 36. cxb5 b3 37. Ne5 Bc2 38. Rd7+ Kf6 39. f4 Kf5 40. axb3 axb3 41. Nc4 Rc8 42. Nb2 Kxf4 43. b6 Rb8 44. Rd4+ Ke3 45. Rb4 Kd2 46. Na4 e5 47. b7 e4 48. Nc5 e3 49. Na6 e2 50. Nxb8 e1Q+ 51. Kh2 Qe5+ 0-1

[Event "POL-chT U20"]
[Site "Szczyrk"]
[Date "2017.07.30"]
[Round "9.13"]
[White "Winiarski, Mikolaj"]
[Black "Janik, Igor"]
[Result "0-1"]
[WhiteElo "2295"]
[BlackElo "2425"]
[PlyCount "304"]
[EventDate "2017.07.22"]
[EventType "team-tourn"]
[EventRounds "9"]
[EventCountry "POL"]
[SourceTitle "EXT 2019"]
[Source "ChessBase"]
[SourceDate "2018.10.10"]
[SourceVersion "1"]
[SourceVersionDate "2018.10.10"]
[SourceQuality "1"]

1. e4 d6 2. d4 Nf6 3. Nc3 g6 4. Be3 a6 5. Qd2 b5 6. f3 Nbd7 7. g4 Nb6 8. h4 h5 9. g5 Nfd7 10. Nh3 Bg7 11. a4 b4 12. Nd1 a5 13. Ndf2 0-0 14. f4 c5 15. c3 Bb7 16. Bd3 e5 17. fxe5 bxc3 18. bxc3 cxd4 19. cxd4 dxe5 20. d5 Bxd5 21. 0-0 Nc4 22. Bxc4 Bxc4 23. Rfd1 Be6 24. Rab1 Qe7 25. Rb7 Qa3 26. Qd3 Qxd3 27. Rxd3 Nb8 28. Rc3 Rc8 29. Rxc8+ Bxc8 30. Rc7 Na6 31. Rc3 Bd7 32. Bb6 Nb4 33. Rc5 Bxa4 34. Rxa5 Rxa5 35. Bxa5 Nc6 36. Bc7 Bc2 37. Kg2 Kf8 38. Ng1 Ke7 39. Nf3 Kd7 40. Bb6 Bf8 41. Ne1 Bb1 42. Ned3 Bd6 43. Kf3 Ke6 44. Nc5+ Ke7 45. Nd1 Ba2 46. Nc3 Bc4 47. Ke3 Bb8 48. N5a4 Nd8 49. Nb2 Bb3 50. Nd3 Nb7 51. Nb4 Bd6 52. Nbd5+ Bxd5 53. Nxd5+ Ke6 54. Kf3 Ba3 55. Nc7+ Kd7 56. Nd5 Bb2 57. Bf2 Nd6 58. Ba7 Nb5 59. Bf2 Kd6 60. Nb6 Bc3 61. Nc4+ Ke6 62. Bg3 Bd4 63. Ne3 Ba7 64. Nd5 Nd4+ 65. Kg2 Nc6 66. Kf3 Kd6 67. Nf6 Bd4 68. Kg2 Kc5 69. Ne8 Na5 70. Kf3 Nb3 71. Ke2 Kc6 72. Nf6 Nc5 73. Kf3 Kb5 74. Ne8 Kc6 75. Nf6 Bb2 76. Ke3 Kd6 77. Ne8+ Kd7 78. Nf6+ Ke6 79. Ne8 Bc1+ 80. Kf3 Nd3 81. Nc7+ Kd6 82. Ne8+ Kd7 83. Nf6+ Kc6 84. Nd5 Kd6 85. Bh2 Bd2 86. Ke2 Bf4 87. Bg1 Nc1+ 88. Kf3 Bd2 89. Bf2 Nd3 90. Ba7 Nb4 91. Nb6 Be1 92. Nc4+ Ke6 93. Bf2 Nd3 94. Bxe1 Nxe1+ 95. Kf2 Nd3+ 96. Kf3 Nc5 97. Ne3 Nb3 98. Nd5 Kd6 99. Ke3 Nd4 100. Nb6 Nc6 101. Nd5 Kd7 102. Nb6+ Ke6 103. Nd5 Nd4 104. Nf6 Nc2+ 105. Kd2 Nb4 106. Ke3 Na6 107. Nd5 Nc5 108. Nc7+ Kd6 109. Nd5 Nd7 110. Kf3 f6 111. gxf6 Ke6 112. f7 Kxf7 113. Ne3 Nc5 114. Nd5 Ke6 115. Nc7+ Kd7 116. Nd5 Ne6 117. Nf6+ Kd6 118. Nd5 Kc5 119. Ke3 Kd6 120. Kf3 Nd4+ 121. Ke3 Nc6 122. Nb6 Na5 123. Nc8+ Kd7 124. Nb6+ Ke6 125. Nd5 Nc4+ 126. Kf3 Na3 127. Nc7+ Kf7 128. Nd5 Nc2 129. Kf2 Ke6 130. Kf3 Kd6 131. Kf2 Kc5 132. Ne7 Kd4 133. Kf3 Ne1+ 134. Kf2 Nc2 135. Kf3 Kd3 136. Nxg6 Nd4+ 137. Kf2 Kxe4 138. Ne7 Ne6 139. Ng8 Ng7 140. Ke2 Kf5 141. Ne7+ Ke6 142. Ng6 Nf5 143. Kf3 Kf6 144. Nf8 Nxh4+ 145. Ke4 Ng6 146. Nh7+ Kf7 147. Ng5+ Kg7 148. Kf5 h4 149. Kg4 Kf6 150. Ne4+ Ke6 151. Ng5+ Kd5 152. Kf5 Nf4 0-1

[Event "Warsaw Najdorf Memorial op-A 15th"]
[Site "Warsaw"]
[Date "2017.07.16"]
[Round "8"]
[White "Yogesh, Gautam"]
[Black "Winiarski, Mikolaj"]
[Result "1/2-1/2"]
[WhiteElo "2243"]
[BlackElo "2295"]
[PlyCount "121"]
[EventDate "2017.07.09"]
[EventType "swiss"]
[EventRounds "9"]
[EventCountry "POL"]
[SourceTitle "CBM 179 Extra"]
[Source "ChessBase"]
[SourceDate "2017.08.23"]
[SourceVersion "1"]
[SourceVersionDate "2017.08.23"]
[SourceQuality "1"]

1. e4 c5 2. Nf3 d6 3. d4 cxd4 4. Nxd4 Nf6 5. Nc3 g6 6. f4 Nc6 7. Nxc6 bxc6 8. e5 Nd7 9. exd6 exd6 10. Be3 Be7 11. Qd2 d5 12. 0-0-0 0-0 13. h4 Nf6 14. Be2 h5 15. Bf3 Ng4 16. Bd4 Bf5 17. Bxg4 Bxg4 18. f5 Bxf5 19. Rdf1 Bf6 20. Rxf5 Bxd4 21. Qxd4 gxf5 22. Rh3 Qd6 23. Ne2 Qh6+ 24. Nf4 Kh7 25. Qe5 Rae8 26. Qxf5+ Kh8 27. Rg3 Rg8 28. Qxf7 Rgf8 29. Qxh5 Qxh5 30. Nxh5 Re5 31. Rg5 Rxg5 32. hxg5 Rf1+ 33. Kd2 Rf2+ 34. Kc3 Rxg2 35. Nf4 Rg4 36. Nd3 Kg7 37. b3 Rxg5 38. Kd4 Rg2 39. Nb4 a5 40. Nxc6 Rxc2 41. Kxd5 Rxa2 42. Kc4 a4 43. bxa4 Rxa4+ 44. Kd5 Kf6 45. Nd4 Ra5+ 46. Ke4 Re5+ 47. Kf4 Rd5 48. Ke4 Re5+ 49. Kf4 Re8 50. Nf3 Ke6 51. Ke4 Kd6+ 52. Kd4 Rf8 53. Ke4 Re8+ 54. Kd4 Re2 55. Ng5 Rd2+ 56. Ke4 Ra2 57. Nf7+ Kc5 58. Ng5 Re2+ 59. Kd3 Re8 60. Ne4+ Rxe4 61. Kxe4 1/2-1/2

[Event "POL-chT 2nd League"]
[Site "Jastrzebia Gora"]
[Date "2016.09.09"]
[Round "7.19"]
[White "Winiarski, Mikolaj"]
[Black "Mucha, Roman"]
[Result "1/2-1/2"]
[WhiteElo "2300"]
[BlackElo "2190"]
[PlyCount "123"]
[EventDate "2016.09.03"]
[EventType "team-swiss"]
[EventRounds "9"]
[EventCountry "POL"]
[SourceTitle "EXT 2017"]
[Source "ChessBase"]
[SourceDate "2016.10.25"]
[SourceVersion "1"]
[SourceVersionDate "2016.10.25"]
[SourceQuality "1"]
[WhiteTeam "Chylice KS Laura"]
[BlackTeam "Wieliczka MKS MOS"]
[WhiteTeamCountry "POL"]
[BlackTeamCountry "POL"]

1. d4 g6 2. g3 Bg7 3. Bg2 d6 4. e4 Nf6 5. c4 e5 6. d5 a5 7. Nc3 Na6 8. Nge2 0-0 9. 0-0 Nd7 10. Be3 Ndc5 11. a3 Bd7 12. Bxc5 Nxc5 13. b4 Na6 14. Qb3 Kh8 15. Ra2 f5 16. exf5 gxf5 17. g4 fxg4 18. Ne4 Bf5 19. N2g3 Bg6 20. c5 Rf4 21. cxd6 cxd6 22. Rc1 h5 23. b5 Nc7 24. Rac2 Ne8 25. Rc4 h4 26. Ne2 Rf5 27. h3 gxh3 28. Qxh3 Kg8 29. Qg4 Kh7 30. Bh3 Bh6 31. R1c3 Rf7 32. Rc8 Rxc8 33. Rxc8 Qe7 34. Rxe8 Qxe8 35. Nxd6 Qe7 36. Nxf7 Bxf7 37. Bg2 Bf8 38. Be4+ Kh6 39. Kf1 Qf6 40. a4 Bc5 41. f3 b6 42. Kg2 Bh5 43. Qc8 Bg6 44. Qc6 Kg5 45. Ng1 Be7 46. Nh3+ Kh5 47. Qc8 Bxe4 48. Qg4+ Kh6 49. fxe4 Bc5 50. Qg8 Be3 51. Qg4 Bc5 52. Qg8 Be3 53. d6 Qxd6 54. Qh8+ Kg6 55. Qxh4 Bh6 56. Qg4+ Kh7 57. Qf5+ Kg7 58. Nf2 Bf4 59. Ng4 Qd2+ 60. Nf2 Qd6 61. Nh3 Qd2+ 62. Nf2 1/2-1/2

[Event "POL-chT 2nd League"]
[Site "Jastrzebia Gora"]
[Date "2016.09.07"]
[Round "5.37"]
[White "Winiarski, Mikolaj"]
[Black "Shkapenko, Pavel"]
[Result "1/2-1/2"]
[WhiteElo "2300"]
[BlackElo "2418"]
[PlyCount "62"]
[EventDate "2016.09.03"]
[EventType "team-swiss"]
[EventRounds "9"]
[EventCountry "POL"]
[SourceTitle "EXT 2017"]
[Source "ChessBase"]
[SourceDate "2016.10.25"]
[SourceVersion "1"]
[SourceVersionDate "2016.10.25"]
[SourceQuality "1"]
[WhiteTeam "Chylice KS Laura"]
[BlackTeam "Pultusk Nadnarwianka"]
[WhiteTeamCountry "POL"]
[BlackTeamCountry "POL"]

1. e4 Nf6 2. e5 Nd5 3. d4 d6 4. Nf3 dxe5 5. Nxe5 c6 6. Be2 Bf5 7. 0-0 Nd7 8. Nf3 e6 9. c4 N5f6 10. Nc3 Ne4 11. Bd3 Nxc3 12. bxc3 Bxd3 13. Qxd3 Be7 14. Bf4 0-0 15. Rfe1 Rc8 16. Rab1 b6 17. Ne5 Nxe5 18. Bxe5 Bd6 19. Qg3 Bxe5 20. Qxe5 Qc7 21. a4 Rfd8 22. g3 h6 23. a5 c5 24. axb6 axb6 25. d5 Qxe5 26. Rxe5 Rd6 27. Rbe1 exd5 28. cxd5 c4 29. Re8+ Rxe8 30. Rxe8+ Kh7 31. Rc8 Rxd5 1/2-1/2

[Event "POL-chT 2nd League"]
[Site "Jastrzebia Gora"]
[Date "2016.09.06"]
[Round "4.25"]
[White "Licznerski, Lukasz"]
[Black "Winiarski, Mikolaj"]
[Result "1-0"]
[WhiteElo "2260"]
[BlackElo "2300"]
[PlyCount "79"]
[EventDate "2016.09.03"]
[EventType "team-swiss"]
[EventRounds "9"]
[EventCountry "POL"]
[SourceTitle "EXT 2017"]
[Source "ChessBase"]
[SourceDate "2016.10.25"]
[SourceVersion "1"]
[SourceVersionDate "2016.10.25"]
[SourceQuality "1"]
[WhiteTeam "Gostynin Gostmat 83"]
[BlackTeam "Chylice KS Laura"]
[WhiteTeamCountry "POL"]
[BlackTeamCountry "POL"]

1. d4 Nf6 2. c4 e6 3. Nf3 Bb4+ 4. Bd2 Be7 5. Nc3 d5 6. Bg5 Nbd7 7. e3 c6 8. Bd3 0-0 9. 0-0 dxc4 10. Bxc4 b5 11. Bd3 Bb7 12. Rc1 Rc8 13. Qe2 a6 14. Bxf6 Nxf6 15. Ne4 Nxe4 16. Bxe4 f5 17. Bd3 c5 18. dxc5 Bxf3 19. gxf3 Rxc5 20. a4 bxa4 21. Bxa6 Kh8 22. Rxc5 Bxc5 23. Qc4 Qg5+ 24. Kh1 f4 25. Qxe6 fxe3 26. fxe3 Bxe3 27. Qg4 Qh6 28. Qxa4 Bf4 29. Rf2 Rd8 30. Re2 Rf8 31. Bd3 Qh3 32. Rf2 Be3 33. Rf1 Bf4 34. Qc2 Rc8 35. Qe2 Qh6 36. Re1 Rf8 37. b4 Bd2 38. Qe7 Qf4 39. Qe4 Bxe1 40. Qxh7# 1-0

[Event "POL-chT 2nd League"]
[Site "Jastrzebia Gora"]
[Date "2016.09.04"]
[Round "2.37"]
[White "Chojnacki, Slawomir"]
[Black "Winiarski, Mikolaj"]
[Result "0-1"]
[WhiteElo "2255"]
[BlackElo "2300"]
[PlyCount "68"]
[EventDate "2016.09.03"]
[EventType "team-swiss"]
[EventRounds "9"]
[EventCountry "POL"]
[SourceTitle "EXT 2017"]
[Source "ChessBase"]
[SourceDate "2016.10.25"]
[SourceVersion "1"]
[SourceVersionDate "2016.10.25"]
[SourceQuality "1"]
[WhiteTeam "Wroclaw Polonia"]
[BlackTeam "Chylice KS Laura"]
[WhiteTeamCountry "POL"]
[BlackTeamCountry "POL"]

1. d4 Nf6 2. Nf3 d5 3. Bf4 c5 4. c3 Nc6 5. e3 Qb6 6. Qb3 c4 7. Qc2 Bf5 8. Qc1 Nh5 9. Nh4 Bd7 10. Bg3 Nxg3 11. hxg3 e5 12. dxe5 Nxe5 13. Nd2 Qh6 14. e4 g5 15. exd5 0-0-0 16. Ndf3 Re8 17. Nxe5 Rxe5+ 18. Be2 gxh4 19. Qxh6 Bxh6 20. Rxh4 Rhe8 21. Rxh6 Rxe2+ 22. Kf1 Bf5 23. b3 Bd3 24. Kg1 Re1+ 25. Rxe1 Rxe1+ 26. Kh2 Kd7 27. Rh4 Re2 28. bxc4 Rxf2 29. c5 Rxa2 30. Rb4 Kc8 31. d6 Bf5 32. g4 Be6 33. g5 Ra5 34. Rh4 Rxc5 0-1

[Event "EU-ch U18 26th"]
[Site "Prague"]
[Date "2016.08.26"]
[Round "8"]
[White "Winiarski, Mikolaj"]
[Black "Stefanov, Emil"]
[Result "0-1"]
[WhiteElo "2285"]
[BlackElo "2505"]
[PlyCount "90"]
[EventDate "2016.08.18"]
[EventType "swiss"]
[EventRounds "9"]
[EventCountry "CZE"]
[SourceTitle "CBM 174 Extra"]
[Source "ChessBase"]
[SourceDate "2016.10.10"]
[SourceVersion "1"]
[SourceVersionDate "2016.10.10"]
[SourceQuality "1"]

1. e4 e5 2. Nf3 Nc6 3. Bb5 a6 4. Ba4 Nge7 5. 0-0 d6 6. c3 Bd7 7. d4 Ng6 8. Nbd2 Be7 9. d5 Nb8 10. Bxd7+ Nxd7 11. Nc4 0-0 12. Ne3 Nc5 13. Qc2 b5 14. Nf5 Bf6 15. b4 Na4 16. c4 Qd7 17. c5 Ne7 18. Nxe7+ Bxe7 19. Be3 f5 20. c6 Qe8 21. exf5 Qf7 22. Qb3 Qxf5 23. Rac1 Rf7 24. Nd2 Raf8 25. Qc2 Qh5 26. Ne4 h6 27. Qd2 g5 28. Ng3 Qg6 29. Qc2 Kh7 30. Qxg6+ Kxg6 31. Rc2 g4 32. Ne4 Bg5 33. Nxg5 hxg5 34. g3 Rh7 35. Kg2 Rfh8 36. Rh1 Kf5 37. f3 gxf3+ 38. Kxf3 g4+ 39. Kg2 Ke4 40. Bg5 Kxd5 41. Bh4 Rf8 42. h3 gxh3+ 43. Kxh3 Nb6 44. Rd1+ Ke6 45. Kg2 Nd5 0-1